|
|
|
|
| LEADER |
00855nam a2200217 a 4500 |
| 001 |
7455727 |
| 008 |
091107s1955 enka b 001 0 eng d |
| 010 |
|
|
|a \\\55002639
|
| 040 |
|
|
|a DLC
|c ODaWU
|d OCoLC
|d Uk
|d DLC
|
| 082 |
|
|
|a 330.81
|
| 100 |
1 |
|
|a Dobb, Maurice,
|d 1900-1976.
|
| 245 |
1 |
0 |
|a On economic theory and socialism :
|b collected papers /
|c Maurice Dobb.
|
| 260 |
|
|
|a London,
|b Routledge & Paul,
|c 1955.
|
| 300 |
|
|
|a viii, 293 p. ,
|c 21 cm.
|
| 504 |
|
|
|a Includes bibliographical references and index.
|
| 541 |
1 |
|
|e 00011043
|
| 650 |
|
0 |
|a Economics.
|
| 650 |
|
0 |
|a Socialism.
|
| 852 |
4 |
|
|a Ayesha Abed Library
|j General shelf
|
| 999 |
|
|
|c 5149
|d 5149
|
| 952 |
|
|
|0 0
|1 0
|2 ddc
|4 0
|6 330_810000000000000_DOB_1993
|7 0
|9 5002
|a BRACUL
|b BRACUL
|c GEN
|d 2009-11-07
|g 0.00
|l 1
|m 3
|o 330.81 DOB
|p 3010011043
|r 2025-05-04
|s 2025-04-08
|t 1
|w 2009-11-07
|y BK
|x No price found in the accession register.
|